[Event "Madrid-ch sf-A"]
[Site "Madrid"]
[Date "2015.03.25"]
[Round "9"]
[White "Tereso Martin, Antonio Luis"]
[Black "Rodriguez de Castro, Ayar"]
[Result "1-0"]
[WhiteElo "2033"]
[BlackElo "2090"]
[PlyCount "77"]
[EventDate "2015.03.09"]
[EventType "swiss"]
[EventRounds "9"]
[EventCountry "ESP"]
[SourceTitle "CBM 165 Extra"]
[Source "ChessBase"]
[SourceDate "2015.04.21"]
[SourceVersion "1"]
[SourceVersionDate "2015.04.21"]
[SourceQuality "1"]

1. d4 d5 2. Nf3 Nf6 3. Bf4 Bf5 4. e3 c6 5. Bd3 Ne4 6. Nbd2 e6 7. Ne5 f6 8. Bxe4 dxe4 9. Nec4 b5 10. Na3 Qa5 11. 0-0 Nd7 12. Nab1 Bb4 13. c3 Be7 14. b4 Qb6 15. Nb3 0-0 16. N1d2 Bg6 17. Nc5 Nxc5 18. bxc5 Qa5 19. Qc2 Rfe8 20. a4 e5 21. Bg3 a6 22. axb5 Qxb5 23. Rfb1 Qe2 24. Rb6 f5 25. Bxe5 Bxc5 26. Rxc6 Be7 27. Qd1 Qd3 28. c4 Bf7 29. c5 Bg5 30. g3 a5 31. Qc1 a4 32. Ra3 Qe2 33. Rb6 Bd8 34. Rb2 Qa6 35. Qf1 Qc6 36. Nc4 Ba5 37. Nd6 Red8 38. Nxf5 Bb3 39. Ne7+ 1-0

[Event "Madrid-ch sf-A"]
[Site "Madrid"]
[Date "2015.03.18"]
[Round "6"]
[White "Spitzer Isbert, Ramon"]
[Black "Rodriguez de Castro, Ayar"]
[Result "0-1"]
[WhiteElo "2011"]
[BlackElo "2090"]
[PlyCount "192"]
[EventDate "2015.03.09"]
[EventType "swiss"]
[EventRounds "9"]
[EventCountry "ESP"]
[SourceTitle "CBM 165 Extra"]
[Source "ChessBase"]
[SourceDate "2015.04.21"]
[SourceVersion "1"]
[SourceVersionDate "2015.04.21"]
[SourceQuality "1"]

1. Nf3 d5 2. c4 e6 3. b3 Nf6 4. Bb2 c5 5. e3 Nc6 6. Be2 Be7 7. 0-0 0-0 8. Ne5 Nxe5 9. Bxe5 Nd7 10. Bb2 b6 11. cxd5 exd5 12. Bf3 Bb7 13. d3 Rc8 14. Nd2 Qc7 15. Re1 Ne5 16. Be2 Bf6 17. Qc2 Qd7 18. f4 Ng4 19. Bxg4 Qxg4 20. Bxf6 gxf6 21. Rf1 Kh8 22. Qb2 d4 23. Nc4 Rg8 24. Rf2 Rg7 25. exd4 Rcg8 26. d5 Bxd5 27. Ne3 Qe6 28. Nxd5 Qxd5 29. Qxf6 Qxd3 30. Re1 Qg6 31. Qb2 Qd6 32. f5 f6 33. Rd2 Qf4 34. Re6 Qxf5 35. Rxf6 Qe4 36. Rf1 Qe3+ 37. Kh1 Qe7 38. Rfd1 Rf8 39. Rf2 Rd8 40. Rdf1 Kg8 41. Qc2 Qe6 42. Qd3 Re8 43. h3 Qe7 44. Qd5+ Kh8 45. Rf4 Reg8 46. Re4 Qb7 47. Qe5 Qc7 48. Qb2 Qd6 49. Ref4 Qd5 50. Rg4 Qd8 51. Qe5 Qe7 52. Qb2 Qd7 53. Rgf4 Qd5 54. Rg4 Qd7 55. Re1 Qf7 56. Rge4 Qb7 57. h4 Qf7 58. Qe5 Qc7 59. Qc3 Qg3 60. Qxg3 Rxg3 61. R1e2 R3g4 62. Kh2 Rxe4 63. Rxe4 Rg7 64. g4 Rd7 65. h5 Kg7 66. Kg3 Kf7 67. g5 Rd2 68. Rf4+ Kg7 69. a4 Rd3+ 70. Rf3 Rd5 71. Kg4 Rd4+ 72. Kf5 Rd5+ 73. Kg4 Rd4+ 74. Rf4 Rd3 75. h6+ Kg8 76. Kf5 Rxb3 77. Re4 Kf7 78. Re5 Rf3+ 79. Kg4 Rd3 80. Rf5+ Kg8 81. Re5 Rd4+ 82. Kf5 Kf7 83. a5 Rd6 84. axb6 axb6 85. Re1 b5 86. Ra1 Rd5+ 87. Kf4 Rd7 88. Ra8 c4 89. Rh8 Ke6 90. Rg8 c3 91. g6 hxg6 92. Rxg6+ Kd5 93. Rg7 c2 94. Rxd7+ Kc6 95. h7 c1Q+ 96. Kg3 Qg1+ 0-1

[Event "Mostoles op 7th"]
[Site "Mostoles "]
[Date "2014.07.23"]
[Round "8"]
[White "Rodriguez de Castro, Ayar"]
[Black "Pablos Tenrero, Raquel"]
[Result "1-0"]
[WhiteElo "2123"]
[BlackElo "1965"]
[PlyCount "61"]
[EventDate "2014.07.16"]
[EventType "swiss"]
[EventRounds "9"]
[EventCountry "ESP"]
[SourceTitle "EXT 2015"]
[Source "ChessBase"]
[SourceDate "2014.11.20"]
[SourceVersion "1"]
[SourceVersionDate "2014.11.20"]
[SourceQuality "1"]

1. d4 Nf6 2. c4 e6 3. g3 Bb4+ 4. Bd2 Qe7 5. Bg2 Bxd2+ 6. Qxd2 Nc6 7. Nc3 d6 8. Nf3 0-0 9. 0-0 e5 10. d5 Na5 11. b3 b6 12. Qc2 Bd7 13. Nd2 Rac8 14. Rfd1 c6 15. dxc6 Bxc6 16. Nde4 Rfd8 17. Rd2 Ne8 18. Bh3 Rb8 19. Rad1 g6 20. Nd5 Bxd5 21. Rxd5 Nc6 22. Qb2 Nd4 23. e3 Nf3+ 24. Kg2 Ng5 25. Nxg5 Qxg5 26. f4 Qh6 27. fxe5 Qxe3 28. exd6 Qe4+ 29. Kg1 h5 30. Qf2 g5 31. Bf5 1-0

[Event "Madrid-ch sf-A"]
[Site "Madrid"]
[Date "2014.03.26"]
[Round "9"]
[White "Rodriguez de Castro, Ayar"]
[Black "Elissalt Cardenas, Hector"]
[Result "1/2-1/2"]
[WhiteElo "2108"]
[BlackElo "2369"]
[PlyCount "111"]
[EventDate "2014.03.10"]
[EventType "swiss"]
[EventRounds "9"]
[EventCountry "ESP"]
[SourceTitle "EXT 2015"]
[Source "ChessBase"]
[SourceDate "2014.11.20"]
[SourceVersion "1"]
[SourceVersionDate "2014.11.20"]
[SourceQuality "1"]

1. d4 Nf6 2. c4 e6 3. g3 c5 4. d5 exd5 5. cxd5 d6 6. Nc3 g6 7. Nf3 Bg7 8. Bg2 0-0 9. Nd2 a6 10. a4 Nbd7 11. 0-0 Re8 12. h3 Rb8 13. Nc4 Ne5 14. Na3 Nh5 15. Kh2 f5 16. f4 Nf7 17. Bd2 Bd7 18. Rb1 b5 19. axb5 axb5 20. b4 c4 21. Nc2 Qb6 22. e3 Nf6 23. Ne2 Ne4 24. Bxe4 Rxe4 25. Bc3 h5 26. Qd2 Rbe8 27. Bxg7 Kxg7 28. Nc3 R4e7 29. Rfe1 Kh7 30. Ra1 Nh6 31. Ra5 Ng8 32. Rea1 h4 33. gxh4 Qd8 34. Nxb5 Bxb5 35. Rxb5 Rc7 36. Rba5 Qxh4 37. Ra7 Ree7 38. Rxc7 Rxc7 39. b5 Rb7 40. Nd4 Nf6 41. Nf3 Ne4 42. Qg2 Qf6 43. Rc1 c3 44. Ng5+ Nxg5 45. Qxg5 Qxg5 46. fxg5 Rxb5 47. Rxc3 Rxd5 48. Rc7+ Kg8 49. Kg3 Re5 50. Kf3 Kf8 51. Rd7 Re6 52. Ra7 Ke8 53. Rb7 Kf8 54. Ra7 Ke8 55. Rh7 Kf8 56. Ra7 1/2-1/2

[Event "Madrid-ch sf-A"]
[Site "Madrid"]
[Date "2014.03.24"]
[Round "7"]
[White "Rodriguez de Castro, Ayar"]
[Black "Martin Rodriguez, Emilio"]
[Result "1-0"]
[WhiteElo "2108"]
[BlackElo "2078"]
[PlyCount "91"]
[EventDate "2014.03.10"]
[EventType "swiss"]
[EventRounds "9"]
[EventCountry "ESP"]
[SourceTitle "EXT 2015"]
[Source "ChessBase"]
[SourceDate "2014.11.20"]
[SourceVersion "1"]
[SourceVersionDate "2014.11.20"]
[SourceQuality "1"]

1. d4 d5 2. c4 c6 3. e3 Nf6 4. Nf3 g6 5. Bd3 Bg7 6. 0-0 0-0 7. Qc2 a5 8. b3 Na6 9. a3 a4 10. bxa4 dxc4 11. Bxc4 Bf5 12. Qb3 Qc7 13. Bb2 Be4 14. Nbd2 Bd5 15. Rfc1 Qd6 16. Rab1 Rab8 17. Qd3 Bxc4 18. Nxc4 Qd8 19. Bc3 Nc5 20. Qc2 Nce4 21. Bb4 Re8 22. Nfe5 Nd6 23. Nb6 Nc8 24. Nbc4 Qd5 25. a5 Nd6 26. Nb6 Qe6 27. h3 Nc8 28. Na4 Nd7 29. Nd3 Qd5 30. Nc3 Qc4 31. Qd2 Qa6 32. Ne4 Bf8 33. Ng5 Nd6 34. Qa2 e6 35. Nf4 h6 36. Ngxe6 fxe6 37. Nxe6 Nf7 38. Nc7 Qd3 39. Nxe8 Rxe8 40. Bxf8 Kxf8 41. Rxb7 Re7 42. Qc2 Qxa3 43. Qxc6 Kg7 44. Qc3 Qa4 45. Ra1 Nc5 46. dxc5+ 1-0

[Event "Madrid-ch sf-A"]
[Site "Madrid"]
[Date "2014.03.18"]
[Round "5"]
[White "Rodriguez de Castro, Ayar"]
[Black "Mansilla Tolosa, Luis Eduardo"]
[Result "1/2-1/2"]
[WhiteElo "2108"]
[BlackElo "2035"]
[PlyCount "120"]
[EventDate "2014.03.10"]
[EventType "swiss"]
[EventRounds "9"]
[EventCountry "ESP"]
[SourceTitle "EXT 2015"]
[Source "ChessBase"]
[SourceDate "2014.11.20"]
[SourceVersion "1"]
[SourceVersionDate "2014.11.20"]
[SourceQuality "1"]

1. d4 Nf6 2. c4 e6 3. g3 c6 4. Bg2 d5 5. Qc2 Be7 6. Nd2 0-0 7. Ngf3 Nbd7 8. 0-0 b6 9. b3 Bb7 10. Bb2 c5 11. cxd5 Nxd5 12. Rad1 Rc8 13. Qb1 Qc7 14. e4 N5f6 15. Rfe1 Rfe8 16. Nc4 b5 17. Nce5 Nxe5 18. Nxe5 cxd4 19. Bxd4 Bc5 20. Bxc5 Qxc5 21. Nd7 Nxd7 22. Rxd7 Bc6 23. b4 Qb6 24. Rd2 e5 25. Red1 Rcd8 26. Qa1 f6 27. Qc3 Rxd2 28. Rxd2 Qb7 29. f3 Bd7 30. Qd3 Be6 31. Bf1 Qb6+ 32. Kg2 Bc4 33. Qd7 Bxf1+ 34. Kxf1 Kf8 35. Kg2 Re7 36. Qd5 Qb7 37. Qc5 Qb6 38. Qc8+ Re8 39. Qd7 Re7 40. Qf5 g6 41. Qc8+ Re8 42. Qd7 Re7 43. Qd5 a6 44. Rc2 Qe6 45. Rc6 Qxd5 46. exd5 Kf7 47. Rxa6 Rd7 48. Kf2 Rxd5 49. Ke3 h5 50. a3 Ke7 51. h4 Rd1 52. Ke2 Rd6 53. Ra5 Rb6 54. Ke3 Ke6 55. f4 exf4+ 56. Kxf4 Kd5 57. a4 Kc4 58. axb5 Kxb4 59. Ra6 Kxb5 60. Ra8 Rc6 1/2-1/2

[Event "Madrid-ch sf-A"]
[Site "Madrid"]
[Date "2014.03.17"]
[Round "4"]
[White "Spitzer Isbert, Ramon"]
[Black "Rodriguez de Castro, Ayar"]
[Result "1/2-1/2"]
[WhiteElo "2070"]
[BlackElo "2108"]
[PlyCount "100"]
[EventDate "2014.03.10"]
[EventType "swiss"]
[EventRounds "9"]
[EventCountry "ESP"]
[SourceTitle "EXT 2015"]
[Source "ChessBase"]
[SourceDate "2014.11.20"]
[SourceVersion "1"]
[SourceVersionDate "2014.11.20"]
[SourceQuality "1"]

1. Nf3 d5 2. g3 Nf6 3. Bg2 Bf5 4. c4 c6 5. 0-0 Nbd7 6. cxd5 cxd5 7. Nc3 e6 8. d3 Be7 9. Bf4 0-0 10. Rc1 a6 11. a3 Rc8 12. Qb3 Nc5 13. Qa2 Bd6 14. Bxd6 Qxd6 15. b4 Ncd7 16. Nh4 Bg4 17. h3 Bh5 18. g4 Bg6 19. Nxg6 hxg6 20. Rfd1 Rc7 21. Qd2 Rfc8 22. Na2 Qe5 23. Rxc7 Rxc7 24. e3 Qd6 25. Rc1 Ne5 26. f4 Nc6 27. g5 Nd7 28. Nc3 Ne7 29. Ne2 Nf5 30. Kf2 Kf8 31. Ng3 Nxg3 32. Kxg3 Nb6 33. Rc2 Rc6 34. Qc1 Nd7 35. d4 Qc7 36. Rxc6 Qxc6 37. Qxc6 bxc6 38. Bf1 Nb8 39. Kf2 Ke7 40. Ke2 Kd6 41. Kd2 Kc7 42. Kc3 Kb7 43. Be2 Nd7 44. h4 Nb6 45. Kb3 Nc8 46. Bd3 Nd6 47. a4 Kb6 48. a5+ Kb7 49. Kc3 Nc8 50. Kd2 Nd6 1/2-1/2

[Event "Madrid-ch sf-A"]
[Site "Madrid"]
[Date "2014.03.12"]
[Round "1"]
[White "Lopez Heras, Arturo"]
[Black "Rodriguez de Castro, Ayar"]
[Result "0-1"]
[WhiteElo "1956"]
[BlackElo "2108"]
[PlyCount "72"]
[EventDate "2014.03.10"]
[EventType "swiss"]
[EventRounds "9"]
[EventCountry "ESP"]
[SourceTitle "EXT 2015"]
[Source "ChessBase"]
[SourceDate "2014.11.20"]
[SourceVersion "1"]
[SourceVersionDate "2014.11.20"]
[SourceQuality "1"]

1. e4 e6 2. d4 d5 3. e5 c5 4. Nf3 Qb6 5. Bd3 Bd7 6. 0-0 Nc6 7. dxc5 Bxc5 8. a3 Nge7 9. b4 Bd4 10. Ra2 a6 11. Nxd4 Qxd4 12. Bb2 Qh4 13. Nd2 Ng6 14. g3 Qg5 15. f4 Qd8 16. Nf3 Qb6+ 17. Rf2 Rc8 18. Bf1 0-0 19. Nd4 Rfd8 20. Nxc6 Bxc6 21. Bd4 Qc7 22. a4 Qd7 23. c3 Re8 24. Bd3 Ne7 25. g4 b5 26. a5 Rf8 27. Rf3 f5 28. exf6 gxf6 29. Rh3 Rf7 30. Rg2 e5 31. fxe5 fxe5 32. Bxe5 d4 33. Rgg3 Qd5 34. Bxh7+ Rxh7 35. Qd3 Rxh3 36. Rxh3 Qg2# 0-1

[Event "Madrid-ch sf-A"]
[Site "Madrid"]
[Date "2014.03.11"]
[Round "2"]
[White "Rodriguez de Castro, Ayar"]
[Black "Saber, Salah"]
[Result "1-0"]
[WhiteElo "2108"]
[BlackElo "1847"]
[PlyCount "135"]
[EventDate "2014.03.10"]
[EventType "swiss"]
[EventRounds "9"]
[EventCountry "ESP"]
[SourceTitle "EXT 2015"]
[Source "ChessBase"]
[SourceDate "2014.11.20"]
[SourceVersion "1"]
[SourceVersionDate "2014.11.20"]
[SourceQuality "1"]

1. d4 d5 2. c4 c6 3. e3 Nf6 4. Nf3 Bg4 5. Bd3 e6 6. Nbd2 Nbd7 7. h3 Bh5 8. 0-0 Bd6 9. b3 a6 10. Bb2 b5 11. e4 dxe4 12. Nxe4 Nxe4 13. Bxe4 Rc8 14. Re1 0-0 15. Rc1 Nf6 16. Bd3 Bb4 17. Re3 Bd6 18. g3 bxc4 19. bxc4 c5 20. Be2 Bxf3 21. Bxf3 cxd4 22. Bxd4 Bc5 23. Rd3 Qa5 24. a4 Bxd4 25. Rxd4 e5 26. Rd6 Rfd8 27. c5 e4 28. Be2 Ne8 29. Bxa6 Nxd6 30. Bxc8 Nxc8 31. Qc2 Qd2 32. Qxd2 Rxd2 33. Rb1 Rc2 34. Rd1 Kf8 35. Rd8+ Ke7 36. Rxc8 Kd7 37. Rh8 Rxc5 38. Rxh7 Rg5 39. Rh4 Re5 40. Kf1 Ke6 41. Ke2 f5 42. f3 g5 43. Rh6+ Kd5 44. Rh5 e3 45. Rxg5 Kd4 46. Rg8 Ra5 47. Rd8+ Ke5 48. Kxe3 Rxa4 49. Re8+ Kf6 50. h4 Ra3+ 51. Kf2 Ra2+ 52. Re2 Ra4 53. Kg2 Rb4 54. Rf2 Kg6 55. Kh3 Kh5 56. g4+ Kg6 57. Re2 Kf6 58. g5+ Kg6 59. Re6+ Kg7 60. h5 Rb8 61. Re7+ Kf8 62. Ra7 Rb4 63. h6 Kg8 64. g6 Rb8 65. Kh4 Rf8 66. Kg5 Rb8 67. h7+ Kh8 68. Kh6 1-0

[Event "Mostoles op 6th"]
[Site "Mostoles"]
[Date "2013.07.22"]
[Round "7"]
[White "Rodriguez de Castro, Ayar"]
[Black "Dominguez Alcon, Victor"]
[Result "1/2-1/2"]
[WhiteElo "2129"]
[BlackElo "2139"]
[PlyCount "86"]
[EventDate "2013.07.16"]
[EventType "swiss"]
[EventRounds "9"]
[EventCountry "ESP"]
[SourceTitle "EXT 2014"]
[Source "ChessBase"]
[SourceDate "2013.11.20"]
[SourceVersion "1"]
[SourceVersionDate "2013.11.20"]
[SourceQuality "1"]

1. d4 Nf6 2. c4 g6 3. g3 Bg7 4. Bg2 0-0 5. Nf3 d6 6. 0-0 Nc6 7. Nc3 a6 8. h3 Rb8 9. e4 b5 10. Qe2 Nd7 11. Rd1 bxc4 12. Qxc4 Rb4 13. Qe2 Nxd4 14. Nxd4 Rxd4 15. Bg5 Rxd1+ 16. Rxd1 h6 17. Be3 Bb7 18. f4 e6 19. Qd2 Qe7 20. Kh2 Kh7 21. Na4 Nf6 22. Qb4 Bc6 23. Nc3 Nd7 24. Qc4 Nb8 25. Rc1 Bb7 26. Na4 Rc8 27. e5 Bxg2 28. exd6 Qxd6 29. Kxg2 Qd5+ 30. Kf2 Qb5 31. Qxb5 axb5 32. Nb6 Rf8 33. Rxc7 Bxb2 34. Rc5 b4 35. Rc4 Na6 36. Na4 Ba3 37. Rc6 Nb8 38. Rc7 Kg8 39. Nc5 Rd8 40. Nb7 Re8 41. Bd4 Na6 42. Rc6 Nb8 43. Rc7 Na6 1/2-1/2

[Event "Mostoles op 5th"]
[Site "Mostoles"]
[Date "2012.07.24"]
[Round "6"]
[White "Rodriguez de Castro, Ayar"]
[Black "Gal, Eugen"]
[Result "1/2-1/2"]
[WhiteElo "2167"]
[BlackElo "2030"]
[PlyCount "105"]
[EventDate "2012.07.19"]
[EventType "swiss"]
[EventRounds "9"]
[EventCountry "ESP"]
[SourceTitle "EXT 2013"]
[Source "ChessBase"]
[SourceDate "2012.11.22"]
[SourceVersion "1"]
[SourceVersionDate "2012.11.22"]
[SourceQuality "1"]

1. d4 Nf6 2. c4 e6 3. g3 d5 4. Nf3 b6 5. Bg2 Bb7 6. 0-0 Be7 7. Bf4 0-0 8. Nbd2 Nbd7 9. Rc1 c5 10. Qa4 cxd4 11. cxd5 Nxd5 12. Rfd1 d3 13. exd3 Nc5 14. Qd4 Nxf4 15. Qxf4 Nxd3 16. Qc7 Nxc1 17. Qxb7 Ne2+ 18. Kh1 Bf6 19. Qe4 Nd4 20. Nb3 e5 21. Nfxd4 exd4 22. Qxa8 Qxa8 23. Bxa8 Rxa8 24. Nc1 Rc8 25. Nd3 Rc2 26. Rc1 Rxc1+ 27. Nxc1 Kf8 28. Kg2 Ke7 29. Kf3 Kd6 30. Ke4 g6 31. Kd3 Kd5 32. Ne2 Be5 33. Nc1 a5 34. Ne2 h5 35. h4 Bg7 36. Nf4+ Kc5 37. Ne2 Kd5 38. Nf4+ Kc5 39. Ne2 Be5 40. Nc1 Kd5 41. Ne2 b5 42. Nc1 Bd6 43. Nb3 f6 44. Nxa5 g5 45. Nb3 gxh4 46. gxh4 Be5 47. Nd2 f5 48. Nf3 Bf6 49. a3 Be7 50. b3 Bxa3 51. Nxd4 Bc5 52. Nxf5 Bxf2 53. Ng7 1/2-1/2

[Event "Mostoles op 5th"]
[Site "Mostoles"]
[Date "2012.07.23"]
[Round "5"]
[White "Lopez de Turiso, Jose Angel"]
[Black "Rodriguez de Castro, Ayar"]
[Result "1/2-1/2"]
[WhiteElo "2044"]
[BlackElo "2167"]
[PlyCount "85"]
[EventDate "2012.07.19"]
[EventType "swiss"]
[EventRounds "9"]
[EventCountry "ESP"]
[SourceTitle "EXT 2013"]
[Source "ChessBase"]
[SourceDate "2012.11.22"]
[SourceVersion "1"]
[SourceVersionDate "2012.11.22"]
[SourceQuality "1"]

1. Nf3 d5 2. d4 Nf6 3. Bf4 e6 4. e3 Be7 5. h3 a6 6. Bd3 c5 7. c3 Bd7 8. Nbd2 Nc6 9. Ne5 b5 10. Rc1 Rc8 11. g4 g6 12. Qf3 cxd4 13. g5 dxc3 14. bxc3 Nh5 15. Nxf7 Nxf4 16. Qxf4 e5 17. Nxe5 Rf8 18. Nxc6 Bxc6 19. Qe5 Qd6 20. Qxd6 Bxd6 21. 0-0 Bd7 22. h4 Be5 23. Nb1 Rf3 24. Kg2 Rf7 25. f4 Bg7 26. h5 Bf5 27. hxg6 hxg6 28. Bxf5 Rxf5 29. Kf3 Rf7 30. Rfd1 Rd7 31. Rd3 b4 32. Ke2 Rc5 33. Nd2 Rxc3 34. Rdxc3 bxc3 35. Nb3 d4 36. Nxd4 Bxd4 37. exd4 Rxd4 38. Rxc3 Rxf4 39. Rc6 Ra4 40. Rxg6 Rxa2+ 41. Kf3 Ra4 42. Rg7 Kf8 43. Ra7 1/2-1/2

[Event "Madrid-ch"]
[Site "Madrid"]
[Date "2012.06.01"]
[Round "1"]
[White "Rodriguez de Castro, Ayar"]
[Black "Roa Alonso, Santiago"]
[Result "0-1"]
[WhiteElo "2173"]
[BlackElo "2423"]
[PlyCount "70"]
[EventDate "2012.05.31"]
[EventType "k.o."]
[EventRounds "4"]
[EventCountry "ESP"]
[SourceTitle "CBM 148 Extra"]
[Source "ChessBase"]
[SourceDate "2012.06.22"]
[SourceVersion "1"]
[SourceVersionDate "2012.06.22"]
[SourceQuality "1"]

1. d4 Nf6 2. c4 e6 3. g3 c5 4. d5 exd5 5. cxd5 d6 6. Nc3 g6 7. Bg2 Bg7 8. Nf3 0-0 9. 0-0 Re8 10. Bf4 a6 11. a4 Ne4 12. Nxe4 Rxe4 13. Nd2 Rb4 14. b3 Nd7 15. Bxd6 Qf6 16. Bc7 Qxa1 17. Qxa1 Bxa1 18. Rxa1 a5 19. e4 b6 20. f4 Bb7 21. Re1 Re8 22. Bh3 f5 23. Kf2 Rd4 24. Nc4 Nf6 25. Be5 Nxe4+ 26. Rxe4 Rxe4 27. Nd6 R8xe5 28. fxe5 Bxd5 29. Nxe4 fxe4 30. Bd7 Kf7 31. Ke3 Ke7 32. Bb5 Ke6 33. Kf4 g5+ 34. Kxg5 Kxe5 35. Kh6 e3 0-1

[Event "Madrid-ch sf-A"]
[Site "Madrid"]
[Date "2012.04.10"]
[Round "1"]
[White "Rodriguez de Castro, Ayar"]
[Black "Vukotic Jovsic, Dragan"]
[Result "0-1"]
[WhiteElo "2160"]
[BlackElo "1955"]
[PlyCount "58"]
[EventDate "2012.04.10"]
[EventType "swiss"]
[EventRounds "9"]
[EventCountry "ESP"]
[SourceTitle "CBM 148 Extra"]
[Source "ChessBase"]
[SourceDate "2012.06.22"]
[SourceVersion "1"]
[SourceVersionDate "2012.06.22"]
[SourceQuality "1"]

1. d4 d5 2. c4 e6 3. Nf3 Nf6 4. Nc3 Be7 5. g3 c6 6. Bg2 0-0 7. 0-0 Nbd7 8. b3 b6 9. Re1 Ba6 10. Bb2 Rc8 11. e4 dxc4 12. Bf1 b5 13. bxc4 bxc4 14. Rb1 Qa5 15. d5 cxd5 16. exd5 Bb4 17. dxe6 fxe6 18. Rxe6 Nc5 19. Bh3 Bxc3 20. Rxa6 Nxa6 21. Bxc8 Rxc8 22. Qd6 Re8 23. Bxc3 Qxc3 24. Kg2 Qd3 25. Qxa6 Qxb1 26. Qxc4+ Kh8 27. Ng5 h6 28. Nf7+ Kh7 29. Nd6 Re1 0-1

[Event "Madrid-chT 1011"]
[Site "Madrid"]
[Date "2011.03.20"]
[Round "14.36"]
[White "Rodriguez de Castro, Ayar"]
[Black "Rodrigo Yanguas, Maria"]
[Result "0-1"]
[WhiteElo "2100"]
[BlackElo "2070"]
[PlyCount "114"]
[EventDate "2010.11.21"]
[EventType "team-tourn"]
[EventRounds "14"]
[EventCountry "ESP"]
[SourceTitle "EXT 2012"]
[Source "ChessBase"]
[SourceDate "2011.11.24"]
[SourceVersion "1"]
[SourceVersionDate "2011.11.24"]
[SourceQuality "1"]
[WhiteTeam "La Casa del Ajedrez"]
[BlackTeam "Pueblo Nuevo"]
[WhiteTeamCountry "ESP"]
[BlackTeamCountry "ESP"]

1. d4 d5 2. c4 Nc6 3. e3 e5 4. cxd5 Qxd5 5. Nc3 Bb4 6. Bd2 Bxc3 7. bxc3 Nf6 8. Qb3 Qxb3 9. axb3 exd4 10. cxd4 0-0 11. Nf3 Bf5 12. Bb5 Be4 13. 0-0 a6 14. Bc4 h6 15. Rfc1 Nd5 16. Ne1 Nb6 17. Be2 Bd5 18. Rab1 Rfe8 19. Bd3 Be6 20. f3 f5 21. Nc2 Rad8 22. Nb4 Nxb4 23. Bxb4 f4 24. exf4 Rxd4 25. Bg6 Red8 26. Be7 R8d7 27. Bc5 Rd2 28. f5 Bf7 29. Be3 R2d3 30. Bxb6 cxb6 31. Rc8+ Rd8 32. Rbc1 Bxg6 33. fxg6 Kf8 34. R1c7 Rxc8 35. Rxc8+ Ke7 36. Rc7+ Rd7 37. Rc3 Kf6 38. Re3 b5 39. Kf2 Kxg6 40. f4 Kf6 41. g4 b4 42. h4 b5 43. Re4 a5 44. Re5 Rb7 45. g5+ hxg5 46. hxg5+ Kf7 47. f5 a4 48. Rd5 a3 49. Rd2 Rc7 50. Ra2 Rc5 51. f6 gxf6 52. gxf6 Kxf6 53. Ke3 Rc3+ 54. Kd4 Rxb3 55. Kc5 Rb2 56. Ra1 a2 57. Kxb5 b3 0-1

[Event "Madrid-ch sf-A"]
[Site "Madrid"]
[Date "2011.01.25"]
[Round "5"]
[White "Cabanas Bravo, Juan Andres"]
[Black "Rodriguez de Castro, Ayar"]
[Result "1-0"]
[WhiteElo "2059"]
[BlackElo "2103"]
[PlyCount "69"]
[EventDate "2011.01.17"]
[EventType "swiss"]
[EventRounds "9"]
[EventCountry "ESP"]
[SourceTitle "CBM 140 Extra"]
[Source "ChessBase"]
[SourceDate "2011.03.01"]
[SourceVersion "1"]
[SourceVersionDate "2011.03.01"]
[SourceQuality "1"]

1. e4 d6 2. f4 d5 3. exd5 Qxd5 4. Nc3 Qd8 5. Bc4 Nf6 6. Nf3 c6 7. Ne5 e6 8. 0-0 Qd4+ 9. Kh1 Nbd7 10. Ne2 Qd6 11. d4 b5 12. Bd3 Bb7 13. c3 Be7 14. Ng3 a6 15. Be3 Nd5 16. Ne4 Qc7 17. Bg1 g6 18. Qf3 Rc8 19. Qh3 f5 20. Nxg6 fxe4 21. Nxh8 N7f6 22. Bc2 Bf8 23. Qxe6+ Qe7 24. f5 Nc7 25. Qxe7+ Kxe7 26. Rae1 c5 27. dxc5 Bg7 28. Ng6+ hxg6 29. fxg6 Ne6 30. b4 Rd8 31. Rd1 Rh8 32. Rd6 Rh6 33. Bb3 Ng4 34. Rf4 Rxg6 35. Rxe4 1-0

[Event "Collado Villalba op-A 27th"]
[Site "Collado Villalba"]
[Date "2010.08.20"]
[Round "1"]
[White "Rodriguez de Castro, Ayar"]
[Black "Pablos Tenrero, Raquel"]
[Result "1-0"]
[WhiteElo "2121"]
[BlackElo "1868"]
[PlyCount "75"]
[EventDate "2010.08.20"]
[EventType "swiss"]
[EventRounds "10"]
[EventCountry "ESP"]
[SourceTitle "CBM 138 Extra"]
[Source "ChessBase"]
[SourceDate "2010.10.29"]
[SourceVersion "1"]
[SourceVersionDate "2010.10.29"]
[SourceQuality "1"]

1. d4 d5 2. c4 c6 3. e3 Nf6 4. Nc3 e6 5. Nf3 Nbd7 6. Qc2 Bd6 7. Bd3 b6 8. e4 dxe4 9. Nxe4 Bb4+ 10. Nc3 Bb7 11. 0-0 0-0 12. Bg5 Qc7 13. Rad1 h6 14. Bh4 Bd6 15. Rfe1 Rfe8 16. a3 e5 17. Bg3 exd4 18. Nxd4 Bxg3 19. hxg3 Ne5 20. Ne4 Nfd7 21. Nf5 c5 22. Ned6 Re6 23. Nxb7 Qxb7 24. Be4 Nc6 25. Bxc6 Rxc6 26. Ne7+ Kh8 27. Nxc6 Qxc6 28. Re7 Nf6 29. Rxf7 Qe6 30. Qg6 Rg8 31. Rxg7 Rxg7 32. Rd8+ Rg8 33. Qxh6+ Nh7 34. Qxe6 Rxd8 35. g4 Rd1+ 36. Kh2 Rd4 37. f4 Kg7 38. g5 1-0

[Event "Madrid-ch sf-A"]
[Site "Madrid"]
[Date "2010.01.27"]
[Round "9"]
[White "Perez Cameselle, Francisco Jose"]
[Black "Rodriguez de Castro, Ayar"]
[Result "0-1"]
[WhiteElo "1944"]
[BlackElo "2113"]
[PlyCount "82"]
[EventDate "2010.01.11"]
[EventType "swiss"]
[EventRounds "9"]
[EventCountry "ESP"]
[SourceTitle "CBM 134 Extra"]
[Source "ChessBase"]
[SourceDate "2010.03.03"]
[SourceVersion "1"]
[SourceVersionDate "2010.03.03"]
[SourceQuality "1"]

1. e4 e6 2. d3 d5 3. Nd2 Nf6 4. g3 b6 5. Bg2 Bb7 6. e5 Nfd7 7. Ngf3 c5 8. 0-0 Qc7 9. Qe2 Nc6 10. Re1 Be7 11. c3 a5 12. a4 Ba6 13. Nf1 h6 14. h4 0-0 15. Bh3 d4 16. c4 Bb7 17. h5 Nb4 18. N1h2 Rae8 19. Bf4 Qc6 20. Bg2 Qc8 21. Ng4 Kh7 22. Qd2 f5 23. exf6 Nxf6 24. Nxf6+ Bxf6 25. Bd6 Rf7 26. Rad1 Qd7 27. Bf4 e5 28. Nxe5 Bxe5 29. Rxe5 Rxe5 30. Bxe5 Bxg2 31. Kxg2 Qc6+ 32. Kg1 Qf3 33. Bf4 Rf5 34. Qe1 Nxd3 35. Rxd3 Qxd3 36. Qe8 Qd1+ 37. Kg2 Qxh5 38. Qe4 Qg6 39. Kf1 Rf7 40. Qd5 Qf5 41. Qc6 g5 0-1

[Event "Madrid-ch sf-A"]
[Site "Madrid"]
[Date "2010.01.26"]
[Round "8"]
[White "Rodriguez de Castro, Ayar"]
[Black "Lopez de Turiso, Jose Angel"]
[Result "0-1"]
[WhiteElo "2113"]
[BlackElo "2106"]
[PlyCount "58"]
[EventDate "2010.01.11"]
[EventType "swiss"]
[EventRounds "9"]
[EventCountry "ESP"]
[SourceTitle "CBM 134 Extra"]
[Source "ChessBase"]
[SourceDate "2010.03.03"]
[SourceVersion "1"]
[SourceVersionDate "2010.03.03"]
[SourceQuality "1"]

1. d4 f5 2. c4 Nf6 3. g3 e6 4. Bg2 Be7 5. Nh3 d6 6. Nc3 0-0 7. Nf4 c6 8. Nd3 Qe8 9. 0-0 Nbd7 10. b3 e5 11. dxe5 dxe5 12. e4 fxe4 13. Nxe4 Nxe4 14. Bxe4 Nf6 15. Bg2 e4 16. Nf4 g5 17. Ne2 Bg4 18. Qc2 Qh5 19. Nc3 Bf3 20. Be3 Ng4 21. h3 Nxe3 22. fxe3 Bc5 23. Nxe4 Bxe3+ 24. Kh2 g4 25. Rae1 Bb6 26. Qb2 Bxe4 27. Rxe4 gxh3 28. Rxf8+ Rxf8 29. Bxh3 Rf2+ 0-1